Diseño de alcantillas transversales en vías terrestres para soportar el arrastre de materiales por fenómenos naturales en el estacionamiento 90+222, Tecpán, Chimaltenango, para cuencas con área ideal, utilizando el método racional / (Registro nro. 2306)
[ vista simple ]
| 000 -LEADER | |
|---|---|
| campo de control de longitud fija | 02563nam a22003857a 4500 |
| 001 - NÚMERO DE CONTROL | |
| campo de control | 42835 |
| 003 - IDENTIFICADOR DE NÚMERO DE CONTROL | |
| campo de control | gtgccic |
| 005 - FECHA Y HORA DE LA ÚLTIMA TRANSACCIÓN | |
| campo de control | 20251013121127.0 |
| 007 - CAMPO FIJO DE DESCRIPCIÓN FÍSICA--INFORMACIÓN GENERAL | |
| campo de control de longitud fija | ta |
| 008 - DATOS DE LONGITUD FIJA--INFORMACIÓN GENERAL | |
| campo de control de longitud fija | 251013b gt ||||| |||| 00| 0 spa d |
| 040 ## - FUENTE DE CATALOGACIÓN | |
| Centro catalogador/agencia de origen | gtgccic |
| Lengua de catalogación | spa |
| Centro/agencia transcriptor | gtgccic |
| Normas de descripción | rda |
| 084 ## - OTRO NÚMERO DE CLASIFICACIÓN | |
| Número de control del registro de autoridad o número normalizado | TPI-14-0062 |
| 100 10 - ENTRADA PRINCIPAL--NOMBRE DE PERSONA | |
| Nombre de persona | Pedro Baudiliio Castro Aguirre |
| Fechas asociadas al nombre | Ingeniero Civil |
| Término indicativo de función/relación | autor |
| 245 10 - MENCIÓN DEL TÍTULO | |
| Título | Diseño de alcantillas transversales en vías terrestres para soportar el arrastre de materiales por fenómenos naturales en el estacionamiento 90+222, Tecpán, Chimaltenango, para cuencas con área ideal, utilizando el método racional / |
| Mención de responsabilidad, etc. | Castro Aguirre, Pedro Baudilio |
| 264 #1 - PRODUCCIÓN, PUBLICACIÓN, DISTRIBUCIÓN, FABRICACIÓN Y COPYRIGHT | |
| Producción, publicación, distribución, fabricación y copyright | Guatemala, Guatemala : |
| Nombre del de productor, editor, distribuidor, fabricante | USAC, Facultad de Ingeniería ; |
| Fecha de producción, publicación, distribución, fabricación o copyright | 2014.- |
| 300 ## - DESCRIPCIÓN FÍSICA | |
| Extensión | xxvi, 93 p. : |
| Otras características físicas | il. ; |
| Dimensiones | 27 cm |
| 336 ## - TIPO DE CONTENIDO | |
| Fuente | rdacontenido |
| Término de tipo de contenido | Texto |
| Código de tipo de contenido | txt |
| 337 ## - TIPO DE MEDIO | |
| Fuente | rdamedio |
| Nombre/término del tipo de medio | sin mediación |
| Código del tipo de medio | n |
| 338 ## - TIPO DE SOPORTE | |
| Fuente | rdasoporte |
| Nombre/término del tipo de soporte | volumen |
| Código del tipo de soporte | nc |
| 502 ## - NOTA DE TESIS | |
| Nota de tesis | Tesis Postgrado |
| Tipo de título | MAESTRO EN INGENIERÍA VIAL |
| Nombre de la institución que otorga el título | USAC, Facultad de Ingeniería, Escuela de Postgrado |
| Año de obtención del título | 2014 |
| Identificador de la tesis | TPI-14-0062 |
| 504 ## - NOTA DE BIBLIOGRAFÍA, ETC. | |
| Nota de bibliografía, etc. Nota | Bibliografía pag. 79 |
| 505 ## - NOTA DE CONTENIDO CON FORMATO | |
| Título | 1. USO DE ALCANTARILLAS DE GRAN TAMAÑO |
| 505 ## - NOTA DE CONTENIDO CON FORMATO | |
| Título | 2. FACTORES QUE SE CONSIDERAN PARA EL DISEÑO DE ALCANTARILLA |
| 505 ## - NOTA DE CONTENIDO CON FORMATO | |
| Título | 3. DISEÑO DE ALCANTARILLAS DE GRAN TAMAÑO UTILIZANDO FACTORES EXTRAS POR CAMBIO DE USO DEL SUELO |
| 505 ## - NOTA DE CONTENIDO CON FORMATO | |
| Título | 4. PROCESO CONSTRUCTIVO PARA LA INSTALACIÓN DE TUBERÍAS DE DIÁMETROS MAYORES |
| 505 ## - NOTA DE CONTENIDO CON FORMATO | |
| Título | 5. EJEMPLO DE APLICACIÓN |
| 505 ## - NOTA DE CONTENIDO CON FORMATO | |
| Título | 6. PRESENTACIÓN Y ANÁLISIS DE RESULTADOS |
| 520 #3 - RESUMEN, ETC. | |
| Ampliación de la nota de sumario | La falta de prevención para cubrir desastres naturales por cambios climáticos, es evidente en los países altamente vulnerables, como el caso particular de Guatemala, la poca cultura de los habitantes en el manejo de los bosques, cultivos adyacentes y uso de la tierra dentro de las cuencas, han producido el colapso de las carreteras al provocar taponamientos en las tuberías cuando el material de arrastre se aloja en estas, las cuales no fueron diseñadas para el paso de materiales diferentes al agua. Por tal razón se analizó un ejemplo típico de esta problemática en donde los materiales de arrastre que llegan a una alcantarilla, ubicada en la estación 90 + 222, de la Ruta Interamericana Occidente, jurisdicción de Tecpán, Chimaltenango, ocasionaron el colapso de la estructura de pavimento, debido a la obstrucción del flujo de agua por la tubería. |
| 650 ## - PUNTO DE ACCESO ADICIONAL DE MATERIA--TÉRMINO DE MATERIA | |
| Término de materia o nombre geográfico como elemento de entrada | CUENCAS |
| 650 ## - PUNTO DE ACCESO ADICIONAL DE MATERIA--TÉRMINO DE MATERIA | |
| Término de materia o nombre geográfico como elemento de entrada | OLEODUCTOS |
| 650 ## - PUNTO DE ACCESO ADICIONAL DE MATERIA--TÉRMINO DE MATERIA | |
| Término de materia o nombre geográfico como elemento de entrada | DRENAJES |
| 700 ## - ENTRADA AGREGADA--NOMBRE PERSONAL | |
| Nombre de persona | MSc. Ing. Carlos Arnoldo Morales Rosales |
| Término indicativo de función/relación | asesor |
| 942 ## - ELEMENTOS DE ENTRADA SECUNDARIOS (KOHA) | |
| Fuente de la clasificación o esquema de estantería | Clasificación Decimal Dewey |
| Tipo de ítem Koha | TESISPOSTGRADO |
| 945 ## - PROCESAMIENTO DE INFORMACIÓN LOCAL (OCLC) | |
| a | amlo |
| Estatus retirado | Estado de pérdida | Fuente de la clasificación o esquema de estantería | Estado de daño | No para préstamo | Biblioteca de origen | Biblioteca actual | Fecha de adquisición | Número de inventario | Total de préstamos | Signatura topográfica completa | Código de barras | Visto por última vez | Precio de reemplazo | Tipo de ítem Koha | Nota pública |
|---|---|---|---|---|---|---|---|---|---|---|---|---|---|---|---|
| Clasificación Decimal Dewey | CENTRO DE INFORMACIÓN A LA CONSTRUCCIÓN-CICON | CENTRO DE INFORMACIÓN A LA CONSTRUCCIÓN-CICON | 13/10/2025 | P2014-0062 | TPI-14-0062 | 20140062 | 13/10/2025 | 13/10/2025 | TESISPOSTGRADO | disponible |